<?xml version="1.0" encoding="UTF-8"?>
<record
    xmlns:xsi="http://www.w3.org/2001/XMLSchema-instance"
    xsi:schemaLocation="http://www.loc.gov/MARC21/slim http://www.loc.gov/standards/marcxml/schema/MARC21slim.xsd"
    xmlns="http://www.loc.gov/MARC21/slim">

  <leader>05193nab a22009617  4500</leader>
  <controlfield tag="003">AR-RoUNA</controlfield>
  <datafield tag="022" ind1=" " ind2=" ">
    <subfield code="a">0327-9022</subfield>
  </datafield>
  <datafield tag="040" ind1=" " ind2=" ">
    <subfield code="a">AR-RoUNA</subfield>
    <subfield code="b">spa</subfield>
  </datafield>
  <datafield tag="041" ind1=" " ind2=" ">
    <subfield code="a">spa</subfield>
  </datafield>
  <datafield tag="044" ind1=" " ind2=" ">
    <subfield code="a">ag</subfield>
  </datafield>
  <datafield tag="245" ind1=" " ind2=" ">
    <subfield code="a">Summa+</subfield>
  </datafield>
  <datafield tag="260" ind1=" " ind2=" ">
    <subfield code="a">Buenos Aires ,</subfield>
    <subfield code="c">1993</subfield>
  </datafield>
  <datafield tag="300" ind1=" " ind2=" ">
    <subfield code="a">128 p. :</subfield>
    <subfield code="b">il. byn.</subfield>
    <subfield code="b">planos</subfield>
    <subfield code="c">34 X25 cm.</subfield>
  </datafield>
  <datafield tag="505" ind1="0" ind2=" ">
    <subfield code="t">INDICE</subfield>
  </datafield>
  <datafield tag="505" ind1="0" ind2=" ">
    <subfield code="t">SANCHO - MADRIDEJOS</subfield>
  </datafield>
  <datafield tag="505" ind1="0" ind2=" ">
    <subfield code="t">NOTAS DE UNA CONVERSACI&#xD3;N</subfield>
  </datafield>
  <datafield tag="505" ind1="0" ind2=" ">
    <subfield code="a">Mauro Tur&#xED;n / Entrevista con Sol Madridejos y Juan Carlos Sancho. p. 4</subfield>
  </datafield>
  <datafield tag="505" ind1="0" ind2=" ">
    <subfield code="t">DEL AZAR Y LA REGLA</subfield>
  </datafield>
  <datafield tag="505" ind1="0" ind2=" ">
    <subfield code="a">Por Mauro Tur&#xED;n. p.13</subfield>
  </datafield>
  <datafield tag="505" ind1="0" ind2=" ">
    <subfield code="a">S-M.A-O. Sancho - Madridejos / Bodegas 14 Vi&#xF1;as, Pic&#xF3;n, Ciudad Real, Espa&#xF1;a, 2007. p. 14 </subfield>
  </datafield>
  <datafield tag="505" ind1="0" ind2=" ">
    <subfield code="a">S-M.A-O. Sancho - Madridejos / Pabell&#xF3;n Docente en la Arrixaca, El Palmar, Murcia, Espa&#xF1;a, 2001. p. 20</subfield>
  </datafield>
  <datafield tag="505" ind1="0" ind2=" ">
    <subfield code="a">S-M.A-O. Sancho - Madridejos / Capilla en Valleaceron. Almad&#xE9;n, Ciudad Real, Espa&#xF1;a, 2000. p. 26</subfield>
  </datafield>
  <datafield tag="505" ind1="0" ind2=" ">
    <subfield code="a">S-M.A-O. Sancho - Madridejos / Ayuntamiento y Centro C&#xED;vico San Fernando de Henares, Madrid, Espa&#xF1;a, 1999. p. 32</subfield>
  </datafield>
  <datafield tag="505" ind1="0" ind2=" ">
    <subfield code="a">S-M.A-O. Sancho - Madridejos / Piscina y Edificio Residencial en Cantalares, Murcia, Espa&#xF1;a, 2009. p. 38 </subfield>
  </datafield>
  <datafield tag="505" ind1="0" ind2=" ">
    <subfield code="a">S-M.A-O. Sancho - Madridejos / Museo de Arte Contempor&#xE1;neo de Alicante, Valencia, Espa&#xF1;a, 2007. p. 42</subfield>
  </datafield>
  <datafield tag="505" ind1="0" ind2=" ">
    <subfield code="a">S-M.A-O. Sancho - Madridejos / Centro Comercial Errebal en Eibar, Gipuzkoa, Espa&#xF1;a, 2009. p. 44</subfield>
  </datafield>
  <datafield tag="505" ind1="0" ind2=" ">
    <subfield code="t">ENSAYOS</subfield>
  </datafield>
  <datafield tag="505" ind1="0" ind2=" ">
    <subfield code="a">Pablo Sztulwark. p. 48</subfield>
  </datafield>
  <datafield tag="505" ind1="0" ind2=" ">
    <subfield code="t">INFRAESTRUCTURAS - ENLACE DE CAMINOS</subfield>
  </datafield>
  <datafield tag="505" ind1="0" ind2=" ">
    <subfield code="a">Manteola- S&#xE1;nchez G&#xF3;mez - Santos - Solsona - Sallaberry - Joaqu&#xED;n S&#xE1;nchez G&#xF3;mez / Terminal de &#xF3;mnibus Santiago del Estero, 2008. p. 54</subfield>
  </datafield>
  <datafield tag="505" ind1="0" ind2=" ">
    <subfield code="t">INTERIORES METROPOLITANOS</subfield>
  </datafield>
  <datafield tag="505" ind1="0" ind2=" ">
    <subfield code="a">Berdichevsky Cherny - BBRCH S.A / L&#xED;nea H de Subterr&#xE1;neos de Buenos Aires, 2003. p. 62</subfield>
  </datafield>
  <datafield tag="505" ind1="0" ind2=" ">
    <subfield code="t">R&#xC1;PIDO Y SINUOSO</subfield>
  </datafield>
  <datafield tag="505" ind1="0" ind2=" ">
    <subfield code="a">Ruy Ohtake Arquitectura e Urbanismo Ltda / Transporte Urbano Elevado de &#xD3;mnibus (Expresso Tiradentes), San Pablo, Brasil, 2007. p. 70</subfield>
  </datafield>
  <datafield tag="505" ind1="0" ind2=" ">
    <subfield code="t">ESTACI&#xD3;N BULEVAR</subfield>
  </datafield>
  <datafield tag="505" ind1="0" ind2=" ">
    <subfield code="a">Modo Arquitectura / Corredor de &#xF3;mnibus de Uberl&#xE0;ndia, Minas Gerais, Brasil, 2006. p. 76</subfield>
  </datafield>
  <datafield tag="505" ind1="0" ind2=" ">
    <subfield code="t">CONECTOR DE PARQUES</subfield>
  </datafield>
  <datafield tag="505" ind1="0" ind2=" ">
    <subfield code="a">Estudio Estructural Polimeni P&#xE9;rez S.A / Puente Peatonal Ciudad de Buenos Aires, EEPP S.A, 2008. p. 80</subfield>
  </datafield>
  <datafield tag="505" ind1="0" ind2=" ">
    <subfield code="t">ESPINAZO DE MADERA</subfield>
  </datafield>
  <datafield tag="505" ind1="0" ind2=" ">
    <subfield code="a">Enrique Browne / Puente Peatonal en Zapallar, V Regi&#xF3;n, Chile, 2008. p. 84</subfield>
  </datafield>
  <datafield tag="505" ind1="0" ind2=" ">
    <subfield code="t">SISTEMA HEXAGONAL</subfield>
  </datafield>
  <datafield tag="505" ind1="0" ind2=" ">
    <subfield code="a">Emilio Mar&#xED;n /  Mobiliario P&#xFA;blico Paseo Altamirano Valpara&#xED;so, V Regi&#xF3;n, Chile, 2007. p. 88</subfield>
  </datafield>
  <datafield tag="505" ind1="0" ind2=" ">
    <subfield code="t">PUNTO, L&#xCD;NEA Y PLANO </subfield>
  </datafield>
  <datafield tag="505" ind1="0" ind2=" ">
    <subfield code="a">SETE43 / Pra&#xE7;a Turca en Juazheiro, Bah&#xED;a, Brasil, 2005. p. 92</subfield>
  </datafield>
  <datafield tag="505" ind1="0" ind2=" ">
    <subfield code="t">PARADA T&#xC9;CNICA</subfield>
  </datafield>
  <datafield tag="505" ind1="0" ind2=" ">
    <subfield code="a">Diego Jobell / Ba&#xF1;os P&#xFA;blicos en el Parque Espa&#xF1;a de Rosario, Santa Fe, Argentina, 2009. p. 96</subfield>
  </datafield>
  <datafield tag="505" ind1="0" ind2=" ">
    <subfield code="t">ALTA L&#xCD;NEA</subfield>
  </datafield>
  <datafield tag="505" ind1="0" ind2=" ">
    <subfield code="a">James Comer Field Operations - Diller Scofidio + Renfro / The High Line en Nueva York, Estados Unidos, 2009. p. 100</subfield>
  </datafield>
  <datafield tag="505" ind1="0" ind2=" ">
    <subfield code="t">PLAN SUSTENTABLE</subfield>
  </datafield>
  <datafield tag="505" ind1="0" ind2=" ">
    <subfield code="a">Levisky y Anna Julia Dietzsch / Plaza Victor Civita - Museo Abierto de la Sustentabilidad en San Pablo, Brasil, 2008. p. 106</subfield>
  </datafield>
  <datafield tag="505" ind1="0" ind2=" ">
    <subfield code="t">UNIVERSIDADES</subfield>
  </datafield>
  <datafield tag="505" ind1="0" ind2=" ">
    <subfield code="t">DESIGUALDADES</subfield>
  </datafield>
  <datafield tag="505" ind1="0" ind2=" ">
    <subfield code="a">Juan Rom&#xE1;n / Sobre la producci&#xF3;n de la Escuela de Arquitectura de la Universidad de Talca, Chile, 2007. p. 112</subfield>
  </datafield>
  <datafield tag="505" ind1="0" ind2=" ">
    <subfield code="a">Paulina Contalba / Mirador La Guardia, Reserva Nacional R&#xED;o de los Cipreses, 2007. p. 112</subfield>
  </datafield>
  <datafield tag="505" ind1="0" ind2=" ">
    <subfield code="a">Marcelo Valdez, Osvaldo Veliz, Ronald Hern&#xE1;ndez / Landmark: Ruta turismo real secano interior, Chile, 2007. p. 114</subfield>
  </datafield>
  <datafield tag="505" ind1="0" ind2=" ">
    <subfield code="a">Carlos G&#xF3;mez / Mirador Altos de Mircay, Vilches Altos, Chile, 2009. p. 115</subfield>
  </datafield>
  <datafield tag="505" ind1="0" ind2=" ">
    <subfield code="a">Ximena C&#xE9;spedes / Centro de acopio y comedores para huertos de frambuesa, Sector Lo Castillo, comuna de Yerbas Buenas, VII Regi&#xF3;n, Chile, 2009. p. 116</subfield>
  </datafield>
  <datafield tag="505" ind1="0" ind2=" ">
    <subfield code="a">Maria Carolina Letelier / Oratorio en Pelarco, Regi&#xF3;n del Maule, Chile, 2007. p. 117</subfield>
  </datafield>
  <datafield tag="505" ind1="0" ind2=" ">
    <subfield code="a">Pamela Cancino Rodr&#xED;guez / Refugio de descanso para camioneros, Sector rural Los Puquios, comuna de Yerbas Buenas, Valle Central, Chile, 2007. p. 118</subfield>
  </datafield>
  <datafield tag="505" ind1="0" ind2=" ">
    <subfield code="t">FRAGMENTOS</subfield>
  </datafield>
  <datafield tag="505" ind1="0" ind2=" ">
    <subfield code="t">LECTURAS</subfield>
  </datafield>
  <datafield tag="505" ind1="0" ind2=" ">
    <subfield code="a">Fernando D&#xED;ez / No derribar. Sobre el libro Plus de Druot y Lacaton &amp; Vassal. p. 119</subfield>
  </datafield>
  <datafield tag="505" ind1="0" ind2=" ">
    <subfield code="t">NOTICIAS</subfield>
  </datafield>
  <datafield tag="505" ind1="0" ind2=" ">
    <subfield code="t">CUADERNO DE VIAJES</subfield>
  </datafield>
  <datafield tag="505" ind1="0" ind2=" ">
    <subfield code="a">Ignacio Ros de Olano / Montevideo en papel. p. 121</subfield>
  </datafield>
  <datafield tag="505" ind1="0" ind2=" ">
    <subfield code="t">DISQUISICIONES</subfield>
  </datafield>
  <datafield tag="505" ind1="0" ind2=" ">
    <subfield code="a">Rafael E. J. Iglesia / La diosa y la catedral. p. 122</subfield>
  </datafield>
  <datafield tag="505" ind1="0" ind2=" ">
    <subfield code="t">TEXTURAS</subfield>
  </datafield>
  <datafield tag="505" ind1="0" ind2=" ">
    <subfield code="a">Roberto Fern&#xE1;ndez / De Friedrich a Hopper: Itinerarios de realismo. p. 125</subfield>
  </datafield>
  <datafield tag="505" ind1="0" ind2=" ">
    <subfield code="t">REVELACIONES</subfield>
  </datafield>
  <datafield tag="505" ind1="0" ind2=" ">
    <subfield code="a">Mario Sabugo / Alcaldes de Barcelona. p. 127</subfield>
  </datafield>
  <datafield tag="505" ind1="0" ind2=" ">
    <subfield code="t">POST SCRIPTUM</subfield>
  </datafield>
  <datafield tag="505" ind1="0" ind2=" ">
    <subfield code="a">Rafael Iglesia / Palabras, no hechos. p. 128</subfield>
  </datafield>
  <datafield tag="600" ind1=" " ind2="0">
    <subfield code="9">1557</subfield>
    <subfield code="a">Bardi, Lina Bo</subfield>
    <subfield code="d">1914-1992.</subfield>
  </datafield>
  <datafield tag="600" ind1=" " ind2="0">
    <subfield code="a"> Roeding, Christopf</subfield>
    <subfield code="9">27414</subfield>
  </datafield>
  <datafield tag="600" ind1=" " ind2="0">
    <subfield code="a">Schop, Ulrich</subfield>
    <subfield code="9">27415</subfield>
  </datafield>
  <datafield tag="650" ind1=" " ind2=" ">
    <subfield code="a">Arquitectura contempor&#xE1;nea</subfield>
  </datafield>
  <datafield tag="773" ind1="0" ind2=" ">
    <subfield code="a">Summa+</subfield>
    <subfield code="d">Buenos Aires, Argentina</subfield>
    <subfield code="g">N&#xBA;103 (sep-2009), p. 128</subfield>
    <subfield code="x">0327-9022</subfield>
  </datafield>
  <datafield tag="908" ind1=" " ind2=" ">
    <subfield code="a">Imp</subfield>
  </datafield>
  <datafield tag="942" ind1=" " ind2=" ">
    <subfield code="2">udc</subfield>
    <subfield code="c">ART</subfield>
  </datafield>
  <datafield tag="945" ind1=" " ind2=" ">
    <subfield code="a">MBP</subfield>
    <subfield code="d">2022-07-08</subfield>
  </datafield>
  <datafield tag="980" ind1=" " ind2=" ">
    <subfield code="8">138</subfield>
    <subfield code="g">Carolina Rainero</subfield>
    <subfield code="6">138</subfield>
    <subfield code="a">Carolina Rainero</subfield>
  </datafield>
  <datafield tag="999" ind1=" " ind2=" ">
    <subfield code="c">12130</subfield>
    <subfield code="d">12130</subfield>
  </datafield>
  <datafield tag="952" ind1=" " ind2=" ">
    <subfield code="0">0</subfield>
    <subfield code="1">0</subfield>
    <subfield code="2">udc</subfield>
    <subfield code="4">0</subfield>
    <subfield code="7">0</subfield>
    <subfield code="a">AR-RoUNA</subfield>
    <subfield code="b">AR-RoUNA</subfield>
    <subfield code="c">Heme</subfield>
    <subfield code="d">2025-09-22</subfield>
    <subfield code="e">Don</subfield>
    <subfield code="l">0</subfield>
    <subfield code="p">1002790</subfield>
    <subfield code="r">2025-09-22</subfield>
    <subfield code="t">ej. 1</subfield>
    <subfield code="w">2025-09-22</subfield>
    <subfield code="y">ART</subfield>
    <subfield code="k">K6</subfield>
    <subfield code="x"></subfield>
  </datafield>
</record>
